Little women / (Record no. 129)
[ view plain ]
| 000 -LEADER | |
|---|---|
| fixed length control field | 01114nam a22003137a 4500 |
| 001 - CONTROL NUMBER | |
| control field | 129 |
| 003 - CONTROL NUMBER IDENTIFIER | |
| control field | FISKH |
| 005 - DATE AND TIME OF LATEST TRANSACTION | |
| control field | 20230323111858.0 |
| 008 - FIXED-LENGTH DATA ELEMENTS--GENERAL INFORMATION | |
| fixed length control field | 230228b cb ||||| |||| 00| 0 eng d |
| 040 ## - CATALOGING SOURCE | |
| Original cataloging agency | DLC |
| Language of cataloging | eng |
| Description conventions | rda |
| -- | FISKH |
| Transcribing agency | DLC |
| 042 ## - AUTHENTICATION CODE | |
| Authentication code | pcc |
| 050 ## - LIBRARY OF CONGRESS CALL NUMBER | |
| Classification number | PS1017 |
| 082 ## - DEWEY DECIMAL CLASSIFICATION NUMBER | |
| Classification number | 813.4 |
| 100 1# - MAIN ENTRY--PERSONAL NAME | |
| Personal name | Alcott, Louisa May, |
| Relator term | author. |
| 245 10 - TITLE STATEMENT | |
| Title | Little women / |
| Statement of responsibility, etc. | Louisa May Alcott, Deanna McFadden, Karl James Mountford. |
| 263 ## - PROJECTED PUBLICATION DATE | |
| Projected publication date | 2301 |
| 264 #1 - PRODUCTION, PUBLICATION, DISTRIBUTION, MANUFACTURE, AND COPYRIGHT NOTICE | |
| Place of production, publication, distribution, manufacture | USSR |
| Name of producer, publisher, distributor, manufacturer | Priory Books |
| Date of production, publication, distribution, manufacture, or copyright notice | [1989] |
| 300 ## - PHYSICAL DESCRIPTION | |
| Extent | 199 p. |
| Dimensions | 20 cm. |
| 336 ## - CONTENT TYPE | |
| Content type term | text |
| Content type code | txt |
| Source | rdacontent |
| 337 ## - MEDIA TYPE | |
| Media type term | unmediated |
| Media type code | n |
| Source | rdamedia |
| 338 ## - CARRIER TYPE | |
| Carrier type term | volume |
| Carrier type code | nc |
| Source | rdacarrier |
| 520 ## - SUMMARY, ETC. | |
| Summary, etc. | "Louisa May Alcott's novel, set during the Civil War, follows the adventures of the four March sisters-Meg, Beth, Amy, and, most of all, the tomboy Jo-as they experience the joys and disappointments, tragedies and triumphs, of growing up"-- |
| 521 ## - TARGET AUDIENCE NOTE | |
| Target audience note | 740 |
| Source | Lexile |
| 521 ## - TARGET AUDIENCE NOTE | |
| Target audience note | M |
| Source | Raz-Plus |
| 700 1# - ADDED ENTRY--PERSONAL NAME | |
| Personal name | McFadden, Deanna, |
| Relator term | other. |
| 700 1# - ADDED ENTRY--PERSONAL NAME | |
| Personal name | Mountford, Karl James, |
| Relator term | illustrator. |
| 906 ## - LOCAL DATA ELEMENT F, LDF (RLIN) | |
| a | 0 |
| b | ibc |
| c | orignew |
| d | 2 |
| e | epcn |
| f | 20 |
| g | y-gencatlg |
| 942 ## - ADDED ENTRY ELEMENTS (KOHA) | |
| Source of classification or shelving scheme | Dewey Decimal Classification |
| Koha item type | Books |
| Suppress in OPAC | No |
| Withdrawn status | Lost status | Source of classification or shelving scheme | Damaged status | Not for loan | Collection | Home library | Current library | Shelving location | Date acquired | Total Checkouts | Full call number | Barcode | Date last seen | Date last checked out | Price effective from | Koha item type |
|---|---|---|---|---|---|---|---|---|---|---|---|---|---|---|---|---|
| Dewey Decimal Classification | Juvenile Fiction | Footprints International School Library Network Toul Kork Campus | Footprints International School Library Network Toul Kork Campus | 02/28/2023 | 3 | ALC 813.4 PS1017 | 2023-0007 | 10/06/2025 | 09/12/2025 | 02/28/2023 | Books |
